| 000 | 01191cam a2200349 i 4500 | ||
|---|---|---|---|
| 001 | 30997 | ||
| 003 | Mx-PuUPA | ||
| 005 | 20250806120423.0 | ||
| 008 | 140415d2004 mx gr 001 f spa d | ||
| 020 | _a9700752526 | ||
| 040 |
_aMx-PuUPA _cMx-PuUPA _bspa _dMx-PuUPA _erda |
||
| 041 | 0 | _aspa | |
| 043 | _an-mx--- | ||
| 100 | 1 |
_aYáñez, Agustín, _d1904-1980 _917363 _eautor |
|
| 245 | 1 | 0 |
_aAl filo del agua / _bAgustín Yañez ; prólogo de Antonio Castro Leal |
| 250 | _aVigésimosexta edición | ||
| 264 | 1 |
_aMéxico, D.F. : _bEditorial Porrúa, _c©2004 |
|
| 300 |
_axvi, 387 páginas ; _c19 cm |
||
| 336 |
_2rdacontent _atexto _btxt |
||
| 337 |
_2rdamedia _asin medio _bn |
||
| 338 |
_2rdacarrier _avolumen _bnc |
||
| 490 | 0 |
_aColección de Escritores Mexicanos ; _v72 |
|
| 600 | 1 | 4 |
_aYañez, Agustín, _d1904-1980 _vCrítica e interpretación |
| 650 | 7 |
_2armarc _aLiteratura _ySiglo XX _zMéxico |
|
| 650 | 7 |
_2armarc _aNovela mexicana _ySiglo XX |
|
| 655 | 4 | _aNovela mexicana | |
| 700 | 1 |
_aCastro Leal, Antonio, _eprologuista |
|
| 942 |
_2ddc _cLI _h863.6 _iY55 |
||
| 999 |
_c30997 _d30997 |
||